Microsoft Office PowerPoint 2007 step by step / (Record no. 298046)
[ view plain ]
| 000 -LEADER | |
|---|---|
| fixed length control field | 01430cam a22003734a 4500 |
| 001 - CONTROL NUMBER | |
| control field | 14603098 |
| 003 - CONTROL NUMBER IDENTIFIER | |
| control field | SISC |
| 005 - DATE AND TIME OF LATEST TRANSACTION | |
| control field | 20160726154710.0 |
| 008 - FIXED-LENGTH DATA ELEMENTS--GENERAL INFORMATION | |
| fixed length control field | 061020s2007 waua 001 0 eng |
| 010 ## - LIBRARY OF CONGRESS CONTROL NUMBER | |
| LC control number | 2006937016 |
| 020 ## - INTERNATIONAL STANDARD BOOK NUMBER | |
| International Standard Book Number | 9780735623019 |
| 020 ## - INTERNATIONAL STANDARD BOOK NUMBER | |
| International Standard Book Number | 0735623015 |
| 040 ## - CATALOGING SOURCE | |
| Original cataloging agency | DLC |
| Transcribing agency | DLC |
| Modifying agency | DLC |
| 050 00 - LIBRARY OF CONGRESS CALL NUMBER | |
| Classification number | T 385 |
| Item number | .C66795 2007 |
| 082 00 - DEWEY DECIMAL CLASSIFICATION NUMBER | |
| Classification number | 005.5/8 |
| 100 1# - MAIN ENTRY--PERSONAL NAME | |
| Personal name | Cox, Joyce, |
| Dates associated with a name | 1946- |
| 245 10 - TITLE STATEMENT | |
| Title | Microsoft Office PowerPoint 2007 step by step / |
| Statement of responsibility, etc | Joyce Cox and Joan Preppernau. |
| 246 30 - VARYING FORM OF TITLE | |
| Title proper/short title | PowerPoint 2007 step by step |
| 260 ## - PUBLICATION, DISTRIBUTION, ETC. (IMPRINT) | |
| Place of publication, distribution, etc | Redmond, Wash. : |
| Name of publisher, distributor, etc | Microsoft Press, |
| Date of publication, distribution, etc | c2007. |
| 300 ## - PHYSICAL DESCRIPTION | |
| Extent | lxiii, 298 p. : |
| Other physical details | ill. ; |
| Dimensions | 24 cm. + |
| Accompanying material | 1 CD-ROM (4 3/4 in.) |
| 490 1# - SERIES STATEMENT | |
| Series statement | Step by step |
| 500 ## - GENERAL NOTE | |
| General note | Includes index. |
| 630 00 - SUBJECT ADDED ENTRY--UNIFORM TITLE | |
| Uniform title | Microsoft PowerPoint (Computer file) |
| 650 #0 - SUBJECT ADDED ENTRY--TOPICAL TERM | |
| Topical term or geographic name as entry element | Presentation graphics software. |
| 700 1# - ADDED ENTRY--PERSONAL NAME | |
| Personal name | Preppernau, Joan. |
| 830 #0 - SERIES ADDED ENTRY--UNIFORM TITLE | |
| Uniform title | Step by step (Redmond, Wash.) |
| 856 41 - ELECTRONIC LOCATION AND ACCESS | |
| Materials specified | Table of contents only |
| Uniform Resource Identifier | <a href="http://www.loc.gov/catdir/toc/fy0707/2006937016.html">http://www.loc.gov/catdir/toc/fy0707/2006937016.html</a> |
| 856 42 - ELECTRONIC LOCATION AND ACCESS | |
| Materials specified | Publisher description |
| Uniform Resource Identifier | <a href="http://www.loc.gov/catdir/enhancements/fy1004/2006937016-d.html">http://www.loc.gov/catdir/enhancements/fy1004/2006937016-d.html</a> |
| 856 42 - ELECTRONIC LOCATION AND ACCESS | |
| Materials specified | Contributor biographical information |
| Uniform Resource Identifier | <a href="http://www.loc.gov/catdir/enhancements/fy1105/2006937016-b.html">http://www.loc.gov/catdir/enhancements/fy1105/2006937016-b.html</a> |
| 906 ## - LOCAL DATA ELEMENT F, LDF (RLIN) | |
| a | 7 |
| b | cbc |
| c | origres |
| d | 2 |
| e | ncip |
| f | 20 |
| g | y-gencatlg |
| 942 ## - ADDED ENTRY ELEMENTS (KOHA) | |
| Source of classification or shelving scheme | Library of Congress Classification |
| Koha item type | Books |
| Withdrawn status | Lost status | Source of classification or shelving scheme | Damaged status | Home library | Current library | Shelving location | Date acquired | Source of acquisition | Total Checkouts | Full call number | Barcode | Date last seen | Date checked out | Price effective from | Koha item type | Sub Shelving location |
|---|---|---|---|---|---|---|---|---|---|---|---|---|---|---|---|---|
| Library of Congress Classification | Luxembourg Library | Luxembourg Library | Computer Science Section | 07/25/2016 | Library Fund | 1 | T 385 .C66795 2007 | 20300 | 07/20/2017 | 07/07/2017 | 07/25/2016 | Books | ||||
| Library of Congress Classification | Luxembourg Library | Luxembourg Library | Audio Visual Material Section | 07/26/2016 | Library Fund | T 385 .C66795 2007 | AV1545 | 07/26/2016 | 07/26/2016 | Books |